00541nam a2200169Ia 4500003000400000008004100004040001600045082001600061100001800077245014700095700002200242260004000264300001000304650001200314650002200326650002300348GCL140319s9999 xx 000 0 eng d aGCL / cGCL04a305.26bS A1 aSELBY, PHILIP10a"L'ART DE BIEN VIEILLIR COMMENT SE PREPARIS A LA VIELLESSE SUR MONTER SES DIFFICULTIES ET PRENDRE SAIN D; UNE PERSONNE AGEE" / cSELBY, PHILIP1 aGRIFFITHS, ADAIAN a[S.N] : bEDITIONS EBORIS ، c1995 a234 P04aOLD AGE04aAGED - PSYCHOLOGY04aOLD AGE ASSISTANCE